000 00628nam a2200217Ia 4500
005 20241129104139.0
008 241129s9999||||xx |||||||||||||| ||und||
020 _a9780262046879
037 _aTextual
040 _aRTL
_beng
_cRTL
041 _aeng
_2eng
084 _aX:71 R2
_qRTL
100 _aMacleod W Bentley
_9724986
245 0 _aAdvanced microeconomics: For contract institutional and organizational economics
_cMacleod W Bentley
260 _aLondon
_bMIT Press
_c2022
300 _ax,398p.
365 _aINR
_b7506
650 _aEconomics
942 _cTB
_hX:71 R2
999 _c1224623
_d1224623